000 00561pam a2200181 a 4500
020 _a0521380308
040 _cDLC
082 0 0 _a633 CAM 1991 A052 Or.
100 1 _aHumphreys, L. R.
245 1 0 _aTropical pasture utilisation /
260 _aCambridge [England] ;
_aNew York :
_bCambridge University Press,
_c1991.
300 _aix, 206 p. :
_bill. ;
_c26 cm.
650 0 _aPastures
650 0 _aGrazing
856 4 2 _uhttp://www.loc.gov/catdir/description/cam024/90042849.html
856 4 1 _uhttp://www.loc.gov/catdir/toc/cam029/90042849.html
942 _cEK
999 _c14524
_d14524